Korn - Self Titled Songs - Statistics

General Stats
  • This quiz has been taken 17 times
  • The average score is 9 of 12
Answer Stats
Length Song % Correct
4:19 Blind
100%
17:31 Daddy
100%
4:35 Clown
92%
5:22 Shoots and Ladders
92%
4:30 Ball Tongue
77%
5:50 Faget
77%
3:22 Lies
77%
2:52 Divine
69%
4:51 Fake
62%
4:02 Helmet in the Bush
62%
4:02 Need To
62%
4:32 Predictable
62%
No matching quizzes found
Score Distribution
Percent of People with Each Score
Percentile by Number Answered
Your Score History
You have not taken this quiz